| 000 | 00587nam a2200181 a 4500 | ||
|---|---|---|---|
| 001 | 000017642 | ||
| 005 | 20200929165159.0 | ||
| 008 | 100329s1981 dr 000 0 spa d | ||
| 040 |
_aDO-SdBNP _bspa _cBNPHU |
||
| 082 |
_aRD868.44 _bA992i |
||
| 100 | 1 |
_aAzcona Santana, Humberto _938457 |
|
| 245 | 1 | 0 |
_aImperios sobre el mundo / _cHumberto Azcona Santana. |
| 260 |
_a[Santo Domingo] : _b[s.n.], _c1981. |
||
| 300 |
_a72 p. ; _c18 cm. |
||
| 500 | _aIncluye datos biográficos del autor en la contracubierta | ||
| 650 | 4 |
_aLiteratura dominicana _bHISTORIA Y CRÍTICA _938458 |
|
| 049 | _aBNPD | ||
| 999 |
_c17167 _d17167 |
||